000 00649nam a2200193Ia 4500
003 GCL
008 140319s9999 xx 000 0 ara d
040 _aGCL /
_cGCL
082 0 4 _a364.132
_bع ج
100 1 _aعبدالحميد الشواربى
_vPurified
_@
…هذب
245 1 0 _aجريمة النصب فى ضوء القضاء والفقه /
_cعبدالحميد الشواربى
260 _a[S.N] :
_bمؤسسة شباب الجامعة ،
_c1990
300 _a143 ص
490 _a
650 0 4 _aالقانون
650 0 4 _aقوانين وتشريعات
650 0 4 _aجرائم الاحتيال والنصب
942 _2ddc
_cBK
999 _c54282
_d54282